100 Biggest Cities of St. Lucia on a Map - Statistics

General Stats
  • This quiz has been taken 21 times
  • The average score is 13 of 100
Answers on the Map
Answers color-coded by a green-red scale on the quiz's map according to % correct below.
 
Answer Stats
Population City % Correct
1,771 Soufrière
46%
854 Vieux Fort
46%
666 Canaries
38%
2,471 Ciceron
38%
981 Gros Islet
38%
2,131 Micoud
38%
758 Anse-la-Raye
31%
1,697 Dennery
31%
2,401 Laborie
31%
561 Babonneau
23%
609 La Feuillet
23%
1,253 La Tourney
23%
1,011 Monchy
23%
718 Mongiraud
23%
1,212 Mon Repos
23%
1,812 Balata
15%
1,685 Beausejour
15%
618 Belair
15%
699 Belmont
15%
920 Bois d'Orange
15%
766 Bonne Terre
15%
1,169 Cabiche
15%
1,576 Corinth
15%
543 Degazon
15%
894 Desruisseaux
15%
1,003 Forestiere
15%
974 Garrand
15%
846 Goodlands
15%
670 Grande Ravine
15%
1,121 Grande Rivière
15%
768 La Caye
15%
1,242 La Clery
15%
1,274 | 787 La Pointe
15%
689 Marc
15%
840 Marigot
15%
630 Praslin
15%
1,013 Riviere Mitan
15%
613 Sarot
15%
1,371 | 670 Ti Rocher
15%
637 Vanard
15%
832 Agard Lands
8%
1,471 Anse Ger
8%
549 Assou Canal
8%
1,850 Augier
8%
1,393 Au Leon
8%
1,084 Bagatelle
8%
911 Barre d'Isle
8%
900 Barre St. Joseph
8%
654 Bellevue
8%
1,049 Bexon
8%
844 Bissee
8%
849 Black Bay
8%
753 Blanchard
8%
1,420 Bocage
8%
538 Boguis
8%
721 Bois d'Inde
8%
832 Bois Patat
8%
1,068 Cacoa
8%
1,105 Cantonement
8%
1,345 Carellie
8%
625 Chassin
8%
539 | 873 Coolie Town
8%
1,179 Corinth Estate
8%
743 Derierre Fort-Old Victoria Road
8%
729 Dugard
8%
953 Eau Piquant-St. Urbain
8%
1,048 Entrepot
8%
780 Fond Assau
8%
610 Fond Bernier
8%
711 Gadette
8%
844 Grace
8%
1,355 L'Abbayée
8%
547 La Croix Chaubourg
8%
660 La Croix Maingot
8%
1,521 La Resource
8%
527 Marchand
8%
837 Marisule
8%
567 Maynard Hill
8%
660 Monier
8%
847 Monkey Town
8%
1,176 | 617 Morne du Don
8%
547 Morne Serpent
8%
1,168 New Development
8%
723 Odsan
8%
943 Paix Bouche
8%
652 Palmiste
8%
599 Patience
8%
1,028 Pavee
8%
889 Piat
8%
796 Piaye
8%
1,457 Pierrot
8%
531 Resinard
8%
757 Rock Hall
8%
764 Talvern
8%
950 The Morne
8%
793 Union
8%
No matching quizzes found
Score Distribution
Percent of People with Each Score
Percentile by Number Answered
Your Score History
You have not taken this quiz